| 000 | 01263 a2200229 4500 | ||
|---|---|---|---|
| 999 |
_c332319 _d332319 |
||
| 001 | 14571 | ||
| 003 | NUST | ||
| 005 | 20171123121536.0 | ||
| 008 | 171123b xxu||||| |||| 00| 0 eng d | ||
| 040 | _cNUST | ||
| 082 |
_a297.55 _bSID |
||
| 100 |
_aSiddique, Rizwan _96752 |
||
| 245 |
_aZikr aik Umrah ka / _cby Rizwan Siddique |
||
| 260 |
_aKarachi, _bJahan hamd publications, _c2009 |
||
| 300 | _a256 p. | ||
| 650 |
_aWorships- Hajj- Umrah _96753 |
||
| 880 |
_6100-01\(3\r _aرضوان صدیقی |
||
| 880 |
_6245-02\(3\r _aذکر ایک عمرہ کا _cرضوان صدیقی |
||
| 880 |
_6260-03\(3\r _aکراچی: _bجہان حمد پبلی کیشنز، _c2009 |
||
| 942 |
_aNUST-CAE _cBK _cBK _2ddc |
||